[Event "26. Copenhagen Open  (Politiken Cup)"]
[Site "Taastrup"]
[Date "2004.07.31"]
[Round "9"]
[White "Svanholm, Borge Waaktaar"]
[Black "Nielsen, Rasmus Lundberg"]
[Result "1/2-1/2"]
[WhiteElo "2052"]
[BlackElo "1760"]
[PlyCount "63"]
[EventDate "2004.07.24"]
[EventType "swiss"]
[EventRounds "10"]
[EventCountry "DEN"]
[SourceDate "2004.01.01"]

1. c4 g6 2. g3 f5 3. Nf3 Nf6 4. d4 Bg7 5. Nc3 O-O 6. Bg2 d6 7. O-O Nc6 8. d5
Ne5 9. Nd2 Bd7 10. f4 Neg4 11. Nf3 c5 12. h3 Nh6 13. Re1 Nf7 14. e4 fxe4 15.
Nxe4 Nxe4 16. Rxe4 Re8 17. Qb3 Qb6 18. Re3 e6 19. dxe6 Bxe6 20. g4 Rac8 21. Rd3
Qb4 22. Nd2 Rc7 23. Rb1 Qa5 24. a3 a6 25. Qc2 b5 26. b3 Bd4+ 27. Kh2 Bc8 28.
Nf3 Rce7 29. Nxd4 cxd4 30. Rd2 Re3 31. b4 Qd8 32. Rf2 1/2-1/2

[Event "26. Copenhagen Open  (Politiken Cup)"]
[Site "Taastrup"]
[Date "2004.07.31"]
[Round "9"]
[White "Tandrup, Michael"]
[Black "Hyldkrog, Mikkel"]
[Result "1-0"]
[WhiteElo "1955"]
[BlackElo "1591"]
[PlyCount "85"]
[EventDate "2004.07.24"]
[EventType "swiss"]
[EventRounds "10"]
[EventCountry "DEN"]
[SourceDate "2004.01.01"]

1. d4 e6 2. e4 d5 3. Nc3 Bb4 4. e5 c5 5. a3 cxd4 6. axb4 dxc3 7. bxc3 Qc7 8.
Qd4 Ne7 9. f4 Nbc6 10. Bb5 Bd7 11. Bxc6 Bxc6 12. Ne2 Nf5 13. Qf2 Bb5 14. Bd2
Qc4 15. g4 Qe4 16. Rf1 Nh4 17. Kd1 Qc4 18. Re1 Ng6 19. Qd4 O-O 20. Qxc4 Bxc4
21. Nd4 a6 22. f5 exf5 23. gxf5 Nh4 24. Bg5 Ng2 25. Rg1 h6 26. Bxh6 gxh6 27.
Rxg2+ Kh7 28. Kd2 Rg8 29. Rag1 Rxg2+ 30. Rxg2 Rg8 31. Rxg8 Kxg8 32. Ke3 Kg7 33.
Nb3 h5 34. Na5 b6 35. Nxc4 dxc4 36. Kd4 Kh6 37. h4 Kg7 38. Kxc4 Kf8 39. Kd5 Ke7
40. Kc6 b5 41. Kb6 Kd7 42. Kxa6 Kc6 43. e6 1-0

[Event "26. Copenhagen Open  (Politiken Cup)"]
[Site "Taastrup"]
[Date "2004.07.31"]
[Round "9"]
[White "Taylor, Phil"]
[Black "Rasmussen, Henning"]
[Result "1/2-1/2"]
[WhiteElo "2075"]
[BlackElo "1767"]
[PlyCount "75"]
[EventDate "2004.07.24"]
[EventType "swiss"]
[EventRounds "10"]
[EventCountry "DEN"]
[SourceDate "2004.01.01"]

1. e4 c6 2. d4 d5 3. exd5 cxd5 4. c4 Nf6 5. Nc3 Nc6 6. Nf3 Bg4 7. cxd5 Nxd5 8.
Qb3 Bxf3 9. gxf3 Nb6 10. Be3 e6 11. O-O-O Be7 12. d5 exd5 13. Nxd5 Nxd5 14.
Rxd5 Qc7 15. Kb1 O-O 16. f4 Bf6 17. Bg2 Rfd8 18. Rc1 Rxd5 19. Bxd5 Qd7 20. Be4
Rd8 21. Qb5 a6 22. Qf5 Qxf5 23. Bxf5 Bd4 24. Rd1 Bxe3 25. Rxd8+ Nxd8 26. fxe3
g6 27. Be4 Kf8 28. Kc2 Ke7 29. Kc3 Kd6 30. b4 h6 31. h4 Kc7 32. a4 b6 33. Kd4
Kd6 34. Bd3 Ne6+ 35. Kc3 Nc7 36. Kd4 Ne6+ 37. Kc3 Nc7 38. Kd4 1/2-1/2

[Event "26. Copenhagen Open  (Politiken Cup)"]
[Site "Taastrup"]
[Date "2004.07.31"]
[Round "9"]
[White "Thestrup, Sixten"]
[Black "Mathiesen, Erik"]
[Result "0-1"]
[WhiteElo "1917"]
[BlackElo "2112"]
[PlyCount "122"]
[EventDate "2004.07.24"]
[EventType "swiss"]
[EventRounds "10"]
[EventCountry "DEN"]
[SourceDate "2004.01.01"]

1. e4 e5 2. Nc3 Nf6 3. f4 d6 4. Nf3 Nc6 5. Bb5 Bd7 6. d3 a6 7. Bxc6 Bxc6 8.
fxe5 dxe5 9. Nxe5 Bc5 10. Nc4 b5 11. Ne3 Qd7 12. O-O b4 13. Nb1 O-O-O 14. Qe2
Nxe4 15. dxe4 Bb5 16. Qf3 Bxf1 17. Qxf1 Qd1 18. a3 Qxc2 19. Qxa6+ Kb8 20. Qb5+
Bb6 21. Qxb6+ cxb6 22. Nxc2 Rd1+ 23. Kf2 Rxc1 24. Nxb4 Rhc8 25. Na2 R8c2+ 26.
Kg3 Re1 27. Nac3 Rxb2 28. a4 Rb3 29. Kf2 Rc1 30. Ra2 Rcxc3 31. Nxc3 Rxc3 32.
Rb2 Ka7 33. Rd2 Rc7 34. Rd4 Ka6 35. Kf3 Ka5 36. g3 Rc1 37. Rd7 Rf1+ 38. Kg2 Rf6
39. Rd4 h5 40. h3 g6 41. h4 Rc6 42. Rd7 Kxa4 43. Rxf7 b5 44. e5 Re6 45. Rf6
Rxe5 46. Ra6+ Kb4 47. Rxg6 Kc4 48. g4 b4 49. gxh5 Rxh5 50. Kh3 b3 51. Rg1 b2
52. Kg4 Rh8 53. Rb1 Kc3 54. h5 Kc2 55. Rh1 Kd3 56. Kg5 Ke4 57. Kg6 Rb8 58. Rb1
Rb6+ 59. Kg7 Kf5 60. h6 Rb7+ 61. Kg8 Kg6 0-1

[Event "26. Copenhagen Open  (Politiken Cup)"]
[Site "Taastrup"]
[Date "2004.07.31"]
[Round "9"]
[White "Thomassen, Thomas"]
[Black "Nielsen, Jens Holm"]
[Result "1-0"]
[WhiteElo "1860"]
[BlackElo "2068"]
[PlyCount "61"]
[EventDate "2004.07.24"]
[EventType "swiss"]
[EventRounds "10"]
[EventCountry "DEN"]
[SourceDate "2004.01.01"]

1. Nf3 d5 2. d4 Nc6 3. Bf4 Bg4 4. Nbd2 e6 5. e3 Bd6 6. Bxd6 Qxd6 7. h3 Bh5 8.
Be2 f5 9. O-O Nf6 10. c4 O-O 11. Rc1 Ne4 12. Nxe4 fxe4 13. Nd2 Bxe2 14. Qxe2
Rf7 15. f3 exf3 16. Nxf3 Raf8 17. Ng5 Rf5 18. Rxf5 Rxf5 19. Qh5 h6 20. Qe8+ Rf8
21. Qxe6+ Qxe6 22. Nxe6 Re8 23. cxd5 Nb4 24. Rxc7 Nxd5 25. Rxg7+ Kh8 26. Rd7
Nxe3 27. Nf4 b6 28. Rxa7 Nd1 29. Kf1 Nxb2 30. Nh5 Nd3 31. Rh7+ 1-0

[Event "26. Copenhagen Open  (Politiken Cup)"]
[Site "Taastrup"]
[Date "2004.07.31"]
[Round "9"]
[White "Thomsen, Peter"]
[Black "Sigurdsson, Thorgeir"]
[Result "0-1"]
[WhiteElo "1631"]
[BlackElo "1200"]
[PlyCount "40"]
[EventDate "2004.07.24"]
[EventType "swiss"]
[EventRounds "10"]
[EventCountry "DEN"]
[SourceDate "2004.01.01"]

1. e4 Nf6 2. e5 Nd5 3. c4 Nb6 4. Nc3 d6 5. f4 dxe5 6. fxe5 Nc6 7. c5 Nd5 8. d4
b6 9. Bb5 Bb7 10. Qb3 e6 11. Nf3 a6 12. cxb6 axb5 13. bxc7 Nxc7 14. Nxb5 Bb4+
15. Nc3 Nxd4 16. Nxd4 Qxd4 17. Bd2 Bd5 18. Qxb4 Qxb4 19. Nxd5 Qe4+ 20. Ne3 Nd5
0-1

[Event "26. Copenhagen Open  (Politiken Cup)"]
[Site "Taastrup"]
[Date "2004.07.31"]
[Round "9"]
[White "Trygstad, Kristian"]
[Black "Malmdin, Nils Ake"]
[Result "1-0"]
[WhiteElo "2265"]
[BlackElo "2187"]
[PlyCount "59"]
[EventDate "2004.07.24"]
[EventType "swiss"]
[EventRounds "10"]
[EventCountry "DEN"]
[SourceDate "2004.01.01"]

1. e4 d5 2. exd5 Nf6 3. Nf3 Qxd5 4. d4 Bg4 5. Be2 Nc6 6. c4 Qf5 7. Nc3 O-O-O 8.
Be3 e5 9. d5 Bxf3 10. Bxf3 e4 11. Be2 a6 12. g4 Qe5 13. g5 Ng8 14. Qb3 Nd4 15.
Qd1 Bc5 16. Qd2 Nxe2 17. Qxe2 Bb4 18. Qd2 f6 19. h4 h6 20. O-O-O Bxc3 21. bxc3
hxg5 22. hxg5 Rxh1 23. Rxh1 Ne7 24. gxf6 gxf6 25. Rh7 Ng6 26. Rg7 Qf5 27. Qd4
b6 28. c5 Rxd5 29. Qa4 Rxc5 30. Qxa6+ 1-0

[Event "26. Copenhagen Open  (Politiken Cup)"]
[Site "Taastrup"]
[Date "2004.07.31"]
[Round "9"]
[White "Trarup, Jorgen"]
[Black "Carlstedt, Jonathan"]
[Result "0-1"]
[WhiteElo "1378"]
[BlackElo "1774"]
[PlyCount "94"]
[EventDate "2004.07.24"]
[EventType "swiss"]
[EventRounds "10"]
[EventCountry "DEN"]
[SourceDate "2004.01.01"]

1. e4 c5 2. Nf3 d6 3. Bb5+ Bd7 4. Bxd7+ Qxd7 5. O-O Nf6 6. Re1 Nc6 7. c3 g6 8.
e5 dxe5 9. Nxe5 Nxe5 10. Rxe5 Qd6 11. d4 cxd4 12. Qxd4 Qxd4 13. cxd4 Rd8 14.
Be3 Bg7 15. Nc3 Ng4 16. Rd5 O-O 17. Rxd8 Rxd8 18. Rd1 Nh6 19. Kf1 a6 20. Bxh6
Bxh6 21. Ke2 f5 22. g3 Kf7 23. h4 Ke6 24. f4 Bg7 25. Ke3 Kd6 26. a4 Kc6 27. b4
Rc8 28. Rc1 Kd7 29. Ne2 Rxc1 30. Nxc1 Kd6 31. Nb3 b6 32. Kd3 Kc6 33. Kc4 b5+
34. axb5+ axb5+ 35. Kc3 Kd5 36. Kd3 Bf6 37. Kc3 Ke4 38. Nc5+ Kf3 39. Ne6 Kxg3
40. Nc7 Kxf4 41. Nxb5 Ke3 42. Kc4 f4 43. d5 f3 44. Na3 f2 45. Nc2+ Kd2 46. b5
f1=Q+ 47. Kc5 Kxc2 0-1

[Event "26. Copenhagen Open  (Politiken Cup)"]
[Site "Taastrup"]
[Date "2004.07.31"]
[Round "9"]
[White "Werner, Gert"]
[Black "Lavrsen, Frands Winther"]
[Result "1/2-1/2"]
[WhiteElo "2085"]
[BlackElo "1772"]
[PlyCount "95"]
[EventDate "2004.07.24"]
[EventType "swiss"]
[EventRounds "10"]
[EventCountry "DEN"]
[SourceDate "2004.01.01"]

1. Nf3 d5 2. g3 Nf6 3. Bg2 g6 4. O-O Bg7 5. d4 O-O 6. Nc3 c6 7. Ne5 Nbd7 8. f4
e6 9. h3 Qc7 10. e3 b6 11. b3 Bb7 12. Ba3 Rfe8 13. g4 Rac8 14. g5 Nh5 15. Qe1
f6 16. gxf6 Nhxf6 17. Qg3 Ba6 18. Rf2 c5 19. Bf1 Bxf1 20. Raxf1 a6 21. Rf3 cxd4
22. exd4 b5 23. Rc1 Qb6 24. Rd1 Rxc3 25. Rxc3 Nxe5 26. Bc5 Qd8 27. fxe5 Ne4 28.
Qf3 Nxc3 29. Qxc3 Qg5+ 30. Kh2 Qf5 31. Qd2 Rc8 32. b4 Rc7 33. Rg1 Rf7 34. Rg2
Qf3 35. Qd3 Qxd3 36. cxd3 Bh6 37. a4 Rf3 38. Ra2 Rxd3 39. axb5 axb5 40. Ra8+
Kf7 41. Ra7+ Kg8 42. Re7 Be3 43. Rxe6 Bxd4 44. Re8+ Kf7 45. Re7+ Kg8 46. Bd6
Re3 47. Kg2 h6 48. Re8+ 1/2-1/2

[Event "26. Copenhagen Open  (Politiken Cup)"]
[Site "Taastrup"]
[Date "2004.07.31"]
[Round "9"]
[White "Willumsen, Niels Henrik"]
[Black "Naes, Flovin Tor"]
[Result "0-1"]
[WhiteElo "2178"]
[BlackElo "2269"]
[PlyCount "64"]
[EventDate "2004.07.24"]
[EventType "swiss"]
[EventRounds "10"]
[EventCountry "DEN"]
[SourceDate "2004.01.01"]

1. e4 e5 2. Nf3 Nc6 3. Bb5 a6 4. Ba4 Nf6 5. O-O Nxe4 6. d4 b5 7. Bb3 d5 8. dxe5
Be6 9. c3 Bc5 10. Qe2 O-O 11. Be3 Qe7 12. Nbd2 Bxe3 13. Qxe3 Nxd2 14. Qxd2 Rad8
15. Nd4 Nxe5 16. Qe3 Ng4 17. Qg3 Qd6 18. f4 c5 19. Nxe6 Qxe6 20. Rae1 Qc8 21.
Re7 Rfe8 22. Rfe1 Rxe7 23. Rxe7 Qf5 24. Qe1 g6 25. h3 Nf6 26. Qh4 Kg7 27. Kh2
Rd6 28. Bd1 Re6 29. Ra7 Qb1 30. Bf3 Re1 31. g4 Qxb2+ 32. Bg2 Re2 0-1

[Event "26. Copenhagen Open  (Politiken Cup)"]
[Site "Taastrup"]
[Date "2004.07.31"]
[Round "9"]
[White "Wilsbeck, Jan Borge"]
[Black "Jensen, Mads"]
[Result "1-0"]
[WhiteElo "1973"]
[BlackElo "1277"]
[PlyCount "119"]
[EventDate "2004.07.24"]
[EventType "swiss"]
[EventRounds "10"]
[EventCountry "DEN"]
[SourceDate "2004.01.01"]

1. e4 e6 2. d4 d5 3. e5 c5 4. c3 Nc6 5. Nf3 f6 6. Bd3 Qb6 7. O-O cxd4 8. cxd4
Bb4 9. a3 Qa5 10. Nbd2 Bxd2 11. Bxd2 Qb6 12. Bc3 f5 13. b4 a5 14. b5 Nce7 15.
a4 Qd8 16. Bb2 b6 17. Ba3 Nh6 18. Qd2 Nf7 19. Ng5 h6 20. Nh3 g5 21. f3 Bb7 22.
Rac1 O-O 23. g4 f4 24. Bb1 Nh8 25. Qd3 Rf7 26. Bd6 Nc8 27. Ba3 Rg7 28. Rc3 Rb8
29. Rfc1 Rd7 30. Qc2 Rg7 31. Nf2 Ng6 32. Rc7 Nce7 33. Qd3 Ba8 34. R1c3 Rc8 35.
Qc2 Rb8 36. Ra7 Rb7 37. Rxb7 Bxb7 38. Rc7 Bc8 39. Ra7 Bd7 40. Bd6 Qc8 41. Qc7
Qxc7 42. Rxc7 Nc8 43. Bxg6 Nxd6 44. exd6 Kf8 45. Bc2 Be8 46. Nd3 Rxc7 47. dxc7
Bd7 48. Ne5 Ke7 49. Bg6 Kd6 50. Nf7+ Kxc7 51. Nxh6 Kc8 52. Nf7 Kb7 53. Nxg5 Kb8
54. h4 Bxb5 55. axb5 a4 56. h5 a3 57. Bb1 e5 58. dxe5 d4 59. h6 d3 60. Ne4 1-0

[Event "26. Copenhagen Open  (Politiken Cup)"]
[Site "Taastrup"]
[Date "2004.07.31"]
[Round "9"]
[White "Ziska, Helgi Dam"]
[Black "Jensen, Soren G"]
[Result "1-0"]
[WhiteElo "1604"]
[BlackElo "2090"]
[PlyCount "81"]
[EventDate "2004.07.24"]
[EventType "swiss"]
[EventRounds "10"]
[EventCountry "DEN"]
[SourceDate "2004.01.01"]

1. e4 e6 2. d3 d5 3. Nd2 Nf6 4. Ngf3 b6 5. e5 Nfd7 6. d4 c5 7. c3 Be7 8. a4 a5
9. Bd3 cxd4 10. cxd4 Ba6 11. Bxa6 Nxa6 12. O-O O-O 13. Ne1 Rc8 14. Nb1 f6 15.
exf6 Rxf6 16. Bg5 Rg6 17. Bxe7 Qxe7 18. Nc3 Nb4 19. Rc1 Qg5 20. g3 Rf8 21. Nd3
Nxd3 22. Qxd3 Nf6 23. f4 Qh5 24. Rce1 Ng4 25. Re2 Rh6 26. h4 Rg6 27. Qf3 Qf5
28. Kg2 Nh6 29. Nb5 Qf6 30. h5 Rg4 31. Nc7 Qh4 32. Rh1 Nf5 33. Rxh4 Nxh4+ 34.
Kf2 Nxf3 35. Kxf3 Rg5 36. Nxe6 Rxh5 37. Nxf8 Kxf8 38. Re6 Rh6 39. Rxh6 gxh6 40.
Kg4 Kf7 41. Kh5 1-0

[Event "26. Copenhagen Open  (Politiken Cup)"]
[Site "Taastrup"]
[Date "2004.07.31"]
[Round "9"]
[White "Zyde, Fadmal"]
[Black "Baark, Mathias"]
[Result "0-1"]
[WhiteElo "1522"]
[BlackElo "1811"]
[PlyCount "50"]
[EventDate "2004.07.24"]
[EventType "swiss"]
[EventRounds "10"]
[EventCountry "DEN"]
[SourceDate "2004.01.01"]

1. Nf3 f5 2. d4 g6 3. Nc3 Nf6 4. Bg5 d5 5. Bxf6 exf6 6. Qd3 c6 7. O-O-O Bd6 8.
Nh4 Kf7 9. g3 Be6 10. f4 Nd7 11. Nf3 b5 12. Nb1 Nb6 13. h4 h5 14. Nfd2 Qe7 15.
Qc3 Rhc8 16. e3 Rc7 17. Nb3 Na4 18. Qd3 b4 19. Qa6 Nb6 20. Qa5 c5 21. dxc5 Bxc5
22. Nxc5 Rxc5 23. Qa6 Rac8 24. Rh2 Bd7 25. Qb7 Qxe3+ 0-1

[Event "26. Copenhagen Open  (Politiken Cup)"]
[Site "Taastrup"]
[Date "2004.07.31"]
[Round "9"]
[White "Zyde, Furat"]
[Black "Ziska, Andrias"]
[Result "0-1"]
[WhiteElo "1069"]
[BlackElo "1804"]
[PlyCount "86"]
[EventDate "2004.07.24"]
[EventType "swiss"]
[EventRounds "10"]
[EventCountry "DEN"]
[SourceDate "2004.01.01"]

1. e4 c5 2. Nf3 d6 3. d4 cxd4 4. Qxd4 Nc6 5. Qa4 Bd7 6. Bc4 e6 7. Qb3 Qc7 8.
Be3 Na5 9. Qc3 Nxc4 10. Nfd2 Rc8 11. Bxa7 Nxd2 12. Kxd2 Nf6 13. Re1 Bc6 14. Qd4
e5 15. Qb6 Nxe4+ 16. Ke2 Be7 17. Kf1 O-O 18. Na3 Qxb6 19. Bxb6 f5 20. f3 Nf6
21. c4 Nd7 22. Ba5 Rfe8 23. Bb4 d5 24. Bxe7 Rxe7 25. cxd5 Bxd5 26. Rad1 Bxa2
27. f4 e4 28. Re3 Be6 29. g4 g6 30. h4 Nf6 31. g5 Nd5 32. Rh3 Nxf4 33. Rc3 Rxc3
34. bxc3 Kf7 35. c4 e3 36. Ke1 Nh5 37. Nc2 f4 38. Nxe3 fxe3 39. c5 Ng3 40. c6
bxc6 41. Rd3 Nf5 42. Rc3 Bd5 43. Ke2 Nxh4 0-1

[Event "26. Copenhagen Open  (Politiken Cup)"]
[Site "Taastrup"]
[Date "2004.07.31"]
[Round "10"]
[White "Aabling Thomsen, Jakob"]
[Black "Wilsbeck, Jan Borge"]
[Result "1-0"]
[WhiteElo "2139"]
[BlackElo "1973"]
[PlyCount "53"]
[EventDate "2004.07.24"]
[EventType "swiss"]
[EventRounds "10"]
[EventCountry "DEN"]
[SourceDate "2004.01.01"]

1. c4 Nf6 2. g3 e5 3. Bg2 Nc6 4. Nc3 g6 5. e4 Bg7 6. Nge2 O-O 7. O-O Nd4 8. d3
Nxe2+ 9. Qxe2 c6 10. f4 d6 11. f5 h6 12. h4 h5 13. Kh1 Bd7 14. Bg5 Qb6 15. Bh3
Qc7 16. Rf2 Rae8 17. Raf1 Rc8 18. Kh2 Nh7 19. f6 Bh8 20. g4 hxg4 21. Bxg4 Rcd8
22. Rg2 Qc8 23. h5 Bxg4 24. Rxg4 Nxg5 25. Rxg5 Qe6 26. hxg6 Bxf6 27. Qh5 1-0

[Event "26. Copenhagen Open  (Politiken Cup)"]
[Site "Taastrup"]
[Date "2004.07.31"]
[Round "10"]
[White "Agustsson, Hafsteinn"]
[Black "Larsen, Andreas"]
[Result "1-0"]
[WhiteElo "1957"]
[BlackElo "1537"]
[PlyCount "119"]
[EventDate "2004.07.24"]
[EventType "swiss"]
[EventRounds "10"]
[EventCountry "DEN"]
[SourceDate "2004.01.01"]

1. e4 c6 2. d4 d5 3. Nc3 dxe4 4. Nxe4 Nf6 5. Ng3 g6 6. Nf3 Bg7 7. Bc4 Bg4 8. c3
O-O 9. O-O Nbd7 10. Re1 a5 11. a4 e6 12. h3 Bxf3 13. Qxf3 Nb6 14. Bd3 Qd5 15.
Qe2 Rad8 16. Bf4 Rfe8 17. Bc7 Nbd7 18. Qe3 c5 19. Bxd8 Rxd8 20. dxc5 Nxc5 21.
Bc2 Qc6 22. b4 axb4 23. cxb4 Ncd7 24. Qb3 Nd5 25. Rac1 Bh6 26. Rcd1 Qb6 27. Re4
Rc8 28. a5 Qc7 29. Bd3 Ne5 30. Ne2 f5 31. Rd4 Qe7 32. b5 Qg5 33. Bb1 f4 34.
Nxf4 Rc3 35. Nxe6 Nf3+ 36. Kh1 Nxd4 37. Nxg5 Nxb3 38. Ne4 Rc1 39. Rxc1 Nxc1 40.
Nd6 b6 41. Be4 bxa5 42. Bxd5+ Kf8 43. g3 Bg7 44. b6 Be5 45. Nc4 Bb8 46. Nxa5
Nd3 47. Nc6 Bd6 48. b7 Nxf2+ 49. Kg2 Nd3 50. b8=Q+ Bxb8 51. Nxb8 Kg7 52. Nd7 h5
53. Kf3 Kh6 54. Be4 Nb2 55. Ne5 h4 56. g4 Kg5 57. Bxg6 Nd1 58. Bd3 Nc3 59. Bc4
Kf6 60. Kf4 1-0

[Event "26. Copenhagen Open  (Politiken Cup)"]
[Site "Taastrup"]
[Date "2004.07.31"]
[Round "10"]
[White "Al Saad, Mofid"]
[Black "Hein, Jacob"]
[Result "1-0"]
[WhiteElo "1493"]
[BlackElo "1351"]
[PlyCount "85"]
[EventDate "2004.07.24"]
[EventType "swiss"]
[EventRounds "10"]
[EventCountry "DEN"]
[SourceDate "2004.01.01"]

1. d4 g6 2. c4 Bg7 3. e4 d6 4. Nc3 Nf6 5. Nf3 c6 6. h3 Qc7 7. Be3 O-O 8. Bd3
Rd8 9. Qc2 b6 10. Rc1 Na6 11. a3 Bb7 12. O-O Rac8 13. b4 Qb8 14. Rfd1 Qa8 15.
Qb3 Nc7 16. e5 Nd7 17. Bg5 Re8 18. exd6 exd6 19. Ne4 Re6 20. Bf4 d5 21. Nd6
Rxd6 22. Bxd6 Ne8 23. Bf4 Nf8 24. Rc2 Ne6 25. Be5 f6 26. cxd5 cxd5 27. Rxc8
Qxc8 28. Bg3 Bh6 29. Re1 N8g7 30. Qb2 Nh5 31. Nh2 Nxg3 32. fxg3 Kf7 33. Ng4 Bg7
34. Rc1 Qb8 35. Qf2 h5 36. Ne5+ Kg8 37. Nxg6 Nxd4 38. Qxd4 Qxg3 39. Bf5 Bh6 40.
Rc3 Qe1+ 41. Kh2 Bf8 42. Nxf8 Kxf8 43. Qxf6+ 1-0

[Event "26. Copenhagen Open  (Politiken Cup)"]
[Site "Taastrup"]
[Date "2004.07.31"]
[Round "10"]
[White "Andersen, Daniel"]
[Black "Fredriksen, Jan Gunnar"]
[Result "0-1"]
[WhiteElo "2044"]
[BlackElo "1766"]
[PlyCount "58"]
[EventDate "2004.07.24"]
[EventType "swiss"]
[EventRounds "10"]
[EventCountry "DEN"]
[SourceDate "2004.01.01"]

1. c4 c5 2. Nf3 Nc6 3. Nc3 g6 4. d4 cxd4 5. Nxd4 Bg7 6. Nc2 d6 7. e4 f5 8. Bd3
Ne5 9. O-O Nxd3 10. Qxd3 Nf6 11. Ne3 fxe4 12. Nxe4 O-O 13. f4 Be6 14. f5 gxf5
15. Nxf5 Nxe4 16. Qxe4 Bxf5 17. Rxf5 Rxf5 18. Qxf5 Qb6+ 19. Kh1 Rf8 20. Qe6+
Kh8 21. Bh6 Qxb2 22. Bxg7+ Qxg7 23. Re1 Qf6 24. Qxf6+ Rxf6 25. Kg1 Rf7 26. Rb1
b6 27. a4 Rf4 28. Re1 e5 29. a5 Rxc4 0-1

[Event "26. Copenhagen Open  (Politiken Cup)"]
[Site "Taastrup"]
[Date "2004.07.31"]
[Round "10"]
[White "Andersen, Rune"]
[Black "Jorgensen, Mikkel"]
[Result "0-1"]
[WhiteElo "2042"]
[BlackElo "1680"]
[PlyCount "158"]
[EventDate "2004.07.24"]
[EventType "swiss"]
[EventRounds "10"]
[EventCountry "DEN"]
[SourceDate "2004.01.01"]

1. d4 Nf6 2. c4 e5 3. dxe5 Ne4 4. a3 Nc6 5. Nf3 d6 6. Qc2 Bf5 7. Nc3 Nxf2 8.
Qxf5 Nxh1 9. e6 fxe6 10. Qxe6+ Qe7 11. Qxe7+ Bxe7 12. g3 O-O-O 13. Bg2 Nxg3 14.
hxg3 Na5 15. Bg5 Bxg5 16. Nxg5 Rde8 17. Rc1 Nb3 18. Rd1 Kb8 19. Be4 Nc5 20. Bc2
h6 21. Nf3 g5 22. b4 Nd7 23. Ba4 c6 24. Rxd6 g4 25. Rxd7 gxf3 26. e4 Rhg8 27.
Kf2 Ref8 28. b5 Rxg3 29. Kxg3 f2 30. Rd1 f1=Q 31. Rxf1 Rxf1 32. bxc6 bxc6 33.
Bd1 Kc7 34. c5 h5 35. Kg2 Re1 36. Kf2 Rh1 37. Kg3 Re1 38. Kf4 h4 39. Bf3 h3 40.
Ne2 h2 41. Ng3 Rc1 42. e5 Rxc5 43. e6 Rc1 44. Bh1 Kd6 45. Kf5 Ke7 46. Ke5 Rc5+
47. Kd4 Rg5 48. Ne4 Rg1 49. Nf2 Kxe6 50. Bxc6 Kd6 51. Bf3 Ra1 52. Ke3 Rxa3+ 53.
Kf4 a5 54. Kg3 a4 55. Kg2 h1=Q+ 56. Nxh1 Rxf3 57. Kxf3 a3 58. Nf2 a2 59. Ke4
a1=Q 60. Nd3 Qa4+ 61. Ke3 Qb3 62. Kd4 Qd1 63. Ke4 Qg4+ 64. Nf4 Kc5 65. Ke5 Kc4
66. Ke4 Qg5 67. Kf3 Qf5 68. Ke3 Qe5+ 69. Kf3 Kd4 70. Ne2+ Kd3 71. Ng3 Qg5 72.
Kf2 Qg4 73. Nf1 Qf4+ 74. Kg2 Ke2 75. Nh2 Qg5+ 76. Kh3 Kf2 77. Ng4+ Kf3 78. Nh2+
Kf4 79. Nf1 Qg1 0-1

[Event "26. Copenhagen Open  (Politiken Cup)"]
[Site "Taastrup"]
[Date "2004.07.31"]
[Round "10"]
[White "Andersson, Christin"]
[Black "Tandrup, Michael"]
[Result "1/2-1/2"]
[WhiteElo "2196"]
[BlackElo "1955"]
[PlyCount "46"]
[EventDate "2004.07.24"]
[EventType "swiss"]
[EventRounds "10"]
[EventCountry "DEN"]
[SourceDate "2004.01.01"]

1. e4 d5 2. exd5 Qxd5 3. Nf3 Nf6 4. Nc3 Qa5 5. d4 c6 6. Bd3 Bg4 7. O-O e6 8.
Ne4 Nxe4 9. Bxe4 Nd7 10. h3 Bh5 11. Bf4 Nf6 12. Bd3 Be7 13. Re1 Qd8 14. c3 O-O
15. Bg3 Qd5 16. Re3 c5 17. Be5 cxd4 18. cxd4 Bxf3 19. Rxf3 Nd7 20. Re3 Nxe5 21.
Rxe5 Qd6 22. Qd2 g6 23. Rae1 Qxd4 1/2-1/2

[Event "26. Copenhagen Open  (Politiken Cup)"]
[Site "Taastrup"]
[Date "2004.07.31"]
[Round "10"]
[White "Baark, Mathias"]
[Black "Jensen, Soren G"]
[Result "1/2-1/2"]
[WhiteElo "1811"]
[BlackElo "2090"]
[PlyCount "45"]
[EventDate "2004.07.24"]
[EventType "swiss"]
[EventRounds "10"]
[EventCountry "DEN"]
[SourceDate "2004.01.01"]

1. f4 d5 2. Nf3 Nf6 3. g3 g6 4. Bg2 Bg7 5. d3 O-O 6. O-O c5 7. Qe1 Nc6 8. c3 d4
9. Na3 Nd5 10. Bd2 Rb8 11. Nc2 b5 12. e4 dxe3 13. Bxe3 Nxe3 14. Qxe3 Qb6 15.
Rad1 Rd8 16. d4 cxd4 17. Nfxd4 Nxd4 18. Nxd4 Bxd4 19. Rxd4 Rxd4 20. Qxd4 Qxd4+
21. cxd4 Be6 22. d5 Bf5 23. Rc1 1/2-1/2

[Event "26. Copenhagen Open  (Politiken Cup)"]
[Site "Taastrup"]
[Date "2004.07.31"]
[Round "10"]
[White "Bach, Matthias"]
[Black "Petersen, Peter Birk"]
[Result "1-0"]
[WhiteElo "2354"]
[BlackElo "2214"]
[PlyCount "68"]
[EventDate "2004.07.24"]
[EventType "swiss"]
[EventRounds "10"]
[EventCountry "DEN"]
[SourceDate "2004.01.01"]

1. d4 Nf6 2. c4 e6 3. Nf3 b6 4. g3 Ba6 5. b3 Bb4+ 6. Bd2 Be7 7. Bg2 c6 8. O-O
d5 9. Nc3 O-O 10. Qc2 Nbd7 11. Rfd1 b5 12. e4 b4 13. e5 bxc3 14. exf6 Bxf6 15.
Bxc3 Rc8 16. c5 Re8 17. Re1 Qc7 18. Re3 g6 19. Rae1 Bg7 20. h4 Qd8 21. Nd2 Nxc5
22. dxc5 d4 23. Bxd4 Bxd4 24. Ne4 Rf8 25. Nd6 Rc7 26. Re4 e5 27. Rxe5 Bxe5 28.
Rxe5 Bc8 29. h5 f5 30. h6 Re7 31. Qc4+ Kh8 32. Qd4 Kg8 33. Bxc6 Be6 34. Rxe6
Rxe6 1-0

[Event "26. Copenhagen Open  (Politiken Cup)"]
[Site "Taastrup"]
[Date "2004.07.31"]
[Round "10"]
[White "Bjarnason, Saevar"]
[Black "Tadjerbashi, Amir"]
[Result "1/2-1/2"]
[WhiteElo "2318"]
[BlackElo "2095"]
[PlyCount "95"]
[EventDate "2004.07.24"]
[EventType "swiss"]
[EventRounds "10"]
[EventCountry "DEN"]
[SourceDate "2004.01.01"]

1. c4 Nf6 2. g3 c6 3. Nf3 d5 4. b3 Bf5 5. Bg2 h6 6. O-O e6 7. Bb2 Nbd7 8. d3
Be7 9. Nbd2 O-O 10. Qc2 Bh7 11. a3 a5 12. Bc3 Bd6 13. Qb2 Qe7 14. Ne5 Nxe5 15.
Bxe5 Bxe5 16. Qxe5 Rfe8 17. Rfe1 Nd7 18. Qb2 Qd6 19. b4 axb4 20. axb4 Bg6 21.
c5 Qf8 22. Ra5 Rxa5 23. bxa5 Rb8 24. Qc3 Qd8 25. d4 Qc7 26. f4 Ra8 27. Ra1 Nf6
28. e3 Ne4 29. Nxe4 Bxe4 30. Qb4 Bxg2 31. Kxg2 Kf8 32. Kf3 Ke7 33. Rb1 Ra7 34.
Qb6 Qxb6 35. axb6 Ra2 36. g4 g6 37. h4 Kf6 38. Rh1 Kg7 39. f5 exf5 40. gxf5
gxf5 41. Rg1+ Kf8 42. h5 Ra8 43. Kf4 Re8 44. Rg3 Re7 45. Kxf5 Re4 46. Rh3 Ke7
47. Rg3 Kf8 48. Rh3 1/2-1/2

[Event "26. Copenhagen Open  (Politiken Cup)"]
[Site "Taastrup"]
[Date "2004.07.31"]
[Round "10"]
[White "Bjornsson, Sigurbjorn"]
[Black "Jakobsen, Ole"]
[Result "1-0"]
[WhiteElo "2315"]
[BlackElo "2379"]
[PlyCount "103"]
[EventDate "2004.07.24"]
[EventType "swiss"]
[EventRounds "10"]
[EventCountry "DEN"]
[SourceDate "2004.01.01"]

1. e4 d6 2. d4 g6 3. Nc3 Bg7 4. Be3 a6 5. h4 h6 6. Be2 Nd7 7. f4 e5 8. g3 Ngf6
9. h5 Qe7 10. hxg6 fxg6 11. Qd3 c6 12. O-O-O b5 13. fxe5 dxe5 14. d5 Bb7 15.
dxc6 Bxc6 16. Nd5 Bxd5 17. exd5 e4 18. Qb3 g5 19. Nh3 O-O 20. Bd4 Qd6 21. Nf2
Rac8 22. Ng4 Nxg4 23. Bxg4 Bxd4 24. Rxd4 Nc5 25. Qe3 Rc7 26. Kb1 a5 27. a3 Kg7
28. Rd2 Rf6 29. Qd4 Rcf7 30. Rf2 Kf8 31. Rxf6 Rxf6 32. Be2 b4 33. axb4 axb4 34.
Qxb4 Qxd5 35. Rd1 Qe5 36. Bc4 Rd6 37. Rf1+ Kg7 38. g4 e3 39. Rf5 Qd4 40. Qxc5
Qxc5 41. Rxc5 Rd4 42. b4 Rxg4 43. b5 Re4 44. b6 e2 45. Rc7+ Kf8 46. Bxe2 Rb4+
47. Kc1 Rxb6 48. c4 Re6 49. Kd2 Re4 50. Rh7 Rh4 51. c5 Kg8 52. Rd7 1-0